Before They Were Famous Quiz Stats

 Plays Quiz Updated Nov 8, 2016

Challenge
Share
Tweet
Embed
Score 0/19 Timer 06:00
0 Plays Today
Then Celebrity % Correct
Mathilda in 'The Professional'Natalie Portman
81.8%
Jim in 'Empire of the Sun'Christian Bale
63%
Sydney Shanowski on 'Hope and Faith'Megan Fox
55%
Jimmy Brooks on 'Degrassi:The Next Generation'Drake
51.2%
Billy on the Nickelodeon teen soap, 'Fifteen'Ryan Reynolds
50.9%
Stacy on 'Kids Incorporated'Fergie
50.8%
Nicole in 'My Father the Hero'Katherine Heigl
46.6%
'All That' cast memberKenan Thompson
43.2%
Chuckie in 'Can't Buy Me Love'Seth Green
39.5%
Starred on 'You Can't Do That On Television'Alanis Morissette
36.2%
Then Celebrity % Correct
Summer Hathaway in 'School of Rock'Miranda Cosgrove
35.7%
Sydney Rutledge on 'Swans Crossing'Sarah Michelle Gellar
25.7%
Jessie in 'My Stepmother Is an Alien'Alyson Hannigan
23.9%
James Cooper Ingalls on 'Little House on the Prairie'Jason Bateman
23.6%
Lizzie Spaulding on 'Guiding Light'Hayden Panettiere
22.7%
Cindy Lou Who in 'How the Grinch Stole Christmas'Taylor Momsen
18.8%
Megan on 'Are You Afraid of the Dark?'Elisha Cuthbert
18.2%
Nona Mecklenberg on 'The Adventures of Pete and Pete'Michelle Trachtenberg
16.8%
Hannah in 'Troop Beverly Hills'Jenny Lewis
7.2%

You're not logged in!

Compare scores with friends on all Sporcle quizzes.
OR
Log In

You Might Also Like...

Show Comments

Extras

Top Quizzes Today


Score Distribution

Your Account Isn't Verified!

In order to create a playlist on Sporcle, you need to verify the email address you used during registration. Go to your Sporcle Settings to finish the process.

Report this User

Report this user for behavior that violates our Community Guidelines.

Details: